Morbid Angel Songs - Statistics

General Stats
  • This quiz has been taken 11 times
  • The average score is 13 of 109
Answer Stats
Album Song % Correct
Blessed Are the Sick (1991) Blessed Are the Sick / Leading the Rats
80%
Gateways to Annihilation (2000) I
80%
Domination (1995) Dominate
60%
Altars of Madness (1989) Maze of Torment
60%
Covenant (1993) Rapture
60%
Domination (1995) Where the Slime Live
60%
Blessed Are the Sick (1991) Fall From Grace
50%
Covenant (1993) God of Emptiness
50%
Illud Divinum Insanus (2011) I Am Morbid
50%
Domination (1995) Hatework
40%
Altars of Madness (1989) Immortal Rites
40%
Covenant (1993) Angel of Disease
30%
Domination (1995) Caesar's Palace
30%
Altars of Madness (1989) Chapel of Ghouls
30%
Blessed Are the Sick (1991) Day of Suffering
30%
Domination (1995) Eyes to See, Ears to Hear
30%
Blessed Are the Sick (1991) Intro
30%
Covenant (1993) Lions Den
30%
Domination (1995) Melting
30%
Covenant (1993) Pain Divine
30%
Illud Divinum Insanus (2011) Radikult
30%
Blessed Are the Sick (1991) Thy Kingdom Come
30%
Illud Divinum Insanus (2011) Too Extreme!
30%
Covenant (1993) World of Shit (The Promised Land)
30%
Formulas Fatal to the Flesh (1998) Bil Ur-Sag
20%
Domination (1995) Dawn of the Angry
20%
Formulas Fatal to the Flesh (1998) Heaving Earth
20%
Altars of Madness (1989) Suffocation
20%
Covenant (1993) Sworn to the Black
20%
Blessed Are the Sick (1991) The Ancient Ones
20%
Domination (1995) This Means War
20%
Altars of Madness (1989) Visions From the Dark Side
20%
Blessed Are the Sick (1991) Abominations
10%
Illud Divinum Insanus (2011) Blades for Baal
10%
Altars of Madness (1989) Blasphemy
10%
Altars of Madness (1989) Bleed for the Devil
10%
Blessed Are the Sick (1991) Brainstorm
10%
Blessed Are the Sick (1991) Desolate Ways
10%
Domination (1995) Dreaming
10%
Altars of Madness (1989) Evil Spells
10%
Illud Divinum Insanus (2011) Existo Vulgoré
10%
Blessed Are the Sick (1991) In Rememberance
10%
Illud Divinum Insanus (2011) Nevermore
10%
Domination (1995) Nothing But Fear
10%
Blessed Are the Sick (1991) Rebel Lands
10%
Gateways to Annihilation (2000) Summoning Redemption
10%
Blessed Are the Sick (1991) Unholy Blasphemies
10%
Illud Divinum Insanus (2011) 10 More Dead
0%
Heretic (2003) Abyssous
0%
Gateways to Annihilation (2000) Ageless, Still I Am
0%
Kingdoms Disdained (2017) Architect and Iconoclast
0%
Formulas Fatal to the Flesh (1998) Ascent Through the Spheres
0%
Gateways to Annihilation (2000) At One With Nothing
0%
Gateways to Annihilation (2000) Awakening
0%
Illud Divinum Insanus (2011) Beauty Meets Beast
0%
Heretic (2003) Beneath the Hollow
0%
Covenant (1993) Blood on My Hands
0%
Heretic (2003) Born Again
0%
Formulas Fatal to the Flesh (1998) Chambers of Dis
0%
Heretic (2003) Cleansed In Pestilence (Blade of Elohim)
0%
Formulas Fatal to the Flesh (1998) Covenant of Death
0%
Heretic (2003) Curse the Flesh
0%
Altars of Madness (1989) Damnation
0%
Kingdoms Disdained (2017) D.E.A.D.
0%
Kingdoms Disdained (2017) Declaring New Law (Secret Hell)
0%
Illud Divinum Insanus (2011) Destructos vs. the Earth / Attack
0%
Formulas Fatal to the Flesh (1998) Disturbance In the Great Slumber
0%
Heretic (2003) Doomcreeper
0%
Blessed Are the Sick (1991) Doomsday Celebration
0%
Heretic (2003) Drum Check
0%
Heretic (2003) Enshrined by Grace
0%
Kingdoms Disdained (2017) For No Master
0%
Kingdoms Disdained (2017) From the Hand of Kings
0%
Kingdoms Disdained (2017) Garden of Disdain
0%
Heretic (2003) God of Our Own Divinity
0%
Gateways to Annihilation (2000) God of the Forsaken
0%
Formulas Fatal to the Flesh (1998) Hellspawn: The Rebirth
0%
Gateways to Annihilation (2000) He Who Sleeps
0%
Formulas Fatal to the Flesh (1998) Hymnos rituales de guerra
0%
Formulas Fatal to the Flesh (1998) Hymn to a Gas Giant
0%
Heretic (2003) Inflections
0%
Domination (1995) Inquisition (Burn With Me)
0%
Formulas Fatal to the Flesh (1998) Invocation of the Continual One
0%
Gateways to Annihilation (2000) Kawazu
0%
Heretic (2003) Laff
0%
Heretic (2003) Memories of the Past
0%
Covenant (1993) Nar Mattaru
0%
Illud Divinum Insanus (2011) Omni Potens
0%
Gateways to Annihilation (2000) Opening of the Gates
0%
Kingdoms Disdained (2017) Paradigms Warped
0%
Kingdoms Disdained (2017) Piles of Little Arms
0%
Heretic (2003) Place of Many Deaths
0%
Heretic (2003) Praise the Strength
0%
Formulas Fatal to the Flesh (1998) Prayer of Hatred
0%
Illud Divinum Insanus (2011) Profundis - Mea Culpa
0%
Gateways to Annihilation (2000) Secured Limitations
0%
Heretic (2003) Stricken Arise
0%
Heretic (2003) Terror of Mechagodzilla Lava
0%
Kingdoms Disdained (2017) The Fall of Idols
0%
Kingdoms Disdained (2017) The Pillars Crumbling
0%
Kingdoms Disdained (2017) The Righteous Voice
0%
Heretic (2003) Tortured Souls
0%
Gateways to Annihilation (2000) To the Victor the Spoils
0%
Heretic (2003) Triplet Lava
0%
Formulas Fatal to the Flesh (1998) Trooper
0%
Formulas Fatal to the Flesh (1998) Umulamahri
0%
Covenant (1993) Vengeance Is Mine
0%
Heretic (2003) Victorious March of Reign the Conquerer
0%
Heretic (2003) Within Thy Enemy
0%
No matching quizzes found
Score Distribution
Percent of People with Each Score
Percentile by Number Answered
Your Score History
You have not taken this quiz